000 01015cam a22002655a 4500
001 14043181
005 20201128024120.0
008 050719t2006 pau frb 001 0 eng d
020 _a1591407796
020 _a9781591407799
040 _aDLC
_cDLC
_dDLC
_dEG-ScBUE
_beng
082 0 4 _a174.9004
_222
_bSCH
100 1 _aSchultz, Robert A.,
_d1942-
245 1 0 _aContemporary issues in ethics and information technology /
_cRobert A. Schultz.
260 _aHershey :
_bIRM Press,
_cc.2006.
300 _axv, 208 p. ;
_c26 cm.
504 _aIncludes bibliographical references and index.
520 _a"This book uses general ethical principles as a basis for solutions to solving ethical problems in information technology use within organizations"--Provided by publisher.
650 7 _aEthics.
_2BUEsh
_9683
650 7 _aInformation technology.
_2BUEsh
_95620
650 7 _aInformation technology
_xMoral and ethical aspects.
_2BUEsh
_935753
651 _2BUEsh
653 _bCOMSCI
_cJanuary2017
942 _2ddc
999 _c23912
_d23884